000
00270nam a2200121Ia 4500
008
220204s9999 xx 000 0 und d
082
_a
534
_b
KHA
100
_a
Bedi, R S
245
0
_a
Textbook of sound
260
_a
Delhi
_b
Atma Ram
_c
1972
700
_a
D R
942
_c
BK
999
_c
22927
_d
22927